The law reports, weekly law reports and industrial cases reports consolidated index 1981-1990 (Record no. 102307)

MARC details
000 -LEADER
fixed length control field 00456cam a2200145 4500
001 - CONTROL NUMBER
control field J119382
008 - FIXED-LENGTH DATA ELEMENTS--GENERAL INFORMATION
fixed length control field 020816n1980 000 0 eng u
035 ## - SYSTEM CONTROL NUMBER
System control number (Sirsi) u119382
050 ## - LIBRARY OF CONGRESS CALL NUMBER
Classification number 348.41047
110 ## - MAIN ENTRY--CORPORATE NAME
Corporate name or jurisdiction name as entry element Incoporated Council of Law Reporting for England and Wales
245 #4 - TITLE STATEMENT
Title The law reports, weekly law reports and industrial cases reports consolidated index 1981-1990
260 ## - PUBLICATION, DISTRIBUTION, ETC.
Place of publication, distribution, etc. London
Name of publisher, distributor, etc. ICLR
Date of publication, distribution, etc. 1980
300 ## - PHYSICAL DESCRIPTION
Extent 1325p.
Dimensions 24cm.
942 ## - ADDED ENTRY ELEMENTS (KOHA)
Suppress in OPAC 0
Holdings
Withdrawn status Lost status Source of classification or shelving scheme Damaged status Not for loan Home library Current library Shelving location Date acquired Total Checkouts Full call number Barcode Date last seen Copy number Price effective from Koha item type
    Dewey Decimal Classification     London London Books 16/08/2002   347.41047 LAW 30065591 06/08/2019 1 06/08/2019 Reference material